Library of the University of Algiers 3
Ibrahim Sultan Cheibout
شعار جامعة الجزائر 3
مكتبة جامعة الجزائر 3
إبراهيم سلطان شيبوط

طرائق التدريس : (رقم التسجيلة. 43107)

تفاصيل مارك
000 -LEADER
fixed length control field 01122nam a2200277Ia 4500
003 - CONTROL NUMBER IDENTIFIER
control field Ost
005 - DATE AND TIME OF LATEST TRANSACTION
control field 20260507075123.0
008 - FIXED-LENGTH DATA ELEMENTS--GENERAL INFORMATION
fixed length control field 260507s9999||||xx |||||||||||||| ||und||
020 ## - INTERNATIONAL STANDARD BOOK NUMBER
International Standard Book Number 4044189957
040 ## - CATALOGING SOURCE
Transcribing agency fsecg
041 ## - LANGUAGE CODE
Language code of text/sound track or separate title ara
082 ## - DEWEY DECIMAL CLASSIFICATION NUMBER
Classification number 300
100 ## - MAIN ENTRY--PERSONAL NAME
Personal name عثمان، الأحد درينة
Relator term مؤلف
245 #0 - TITLE STATEMENT
Title طرائق التدريس :
Remainder of title منهج،أسلوب،وسيلة /
Statement of responsibility, etc. الأحد درينة عثمان
260 ## - PUBLICATION, DISTRIBUTION, ETC.
Place of publication, distribution, etc. عمان:
Name of publisher, distributor, etc. دار المناهج,
Date of publication, distribution, etc. 2005
300 ## - PHYSICAL DESCRIPTION
Extent 227 صفحة؛
Dimensions 24 سم
520 ## - SUMMARY, ETC.
Summary, etc. الأهداف التربوية؛المنهج؛استراتيجية التعليم؛طرائق التدريس؛الأساليب المتبعة في التدريس؛الوسائل التعليمية؛التقويم؛التخطيطي للدرس
653 ## - INDEX TERM--UNCONTROLLED
Uncontrolled term استراتيجية التعليم
653 ## - INDEX TERM--UNCONTROLLED
Uncontrolled term الأهداف التربوية
653 ## - INDEX TERM--UNCONTROLLED
Uncontrolled term التقويم
653 ## - INDEX TERM--UNCONTROLLED
Uncontrolled term المنهج
653 ## - INDEX TERM--UNCONTROLLED
Uncontrolled term الوسائل التعليمية
653 ## - INDEX TERM--UNCONTROLLED
Uncontrolled term طرائق التدريس
700 ## - ADDED ENTRY--PERSONAL NAME
Personal name خدام، عثمان يوسف
Relator term مؤلف ثانوي
942 ## - ADDED ENTRY ELEMENTS (KOHA)
Koha item type كتب
المقتنيات
Withdrawn status Lost status Source of classification or shelving scheme Damaged status Not for loan Home library Current library Date acquired Serial enumeration / chronology Inventory number Total checkouts Full call number Barcode Date last seen Price effective from Koha item type
    Dewey Decimal Classification   NOT LOAN / إعارة داخلية مكتبة كلية العلوم الإقتصادية والعلوم التجارية وعلوم التسيير مكتبة كلية العلوم الإقتصادية والعلوم التجارية وعلوم التسيير 07/05/2026 الطابق الأرضي 2032/1   أ/2032ن1 2032/1 07/05/2026 07/05/2026 كتب
    Dewey Decimal Classification   Available مكتبة كلية العلوم الإقتصادية والعلوم التجارية وعلوم التسيير مكتبة كلية العلوم الإقتصادية والعلوم التجارية وعلوم التسيير 07/05/2026 الطابق الأرضي 2032/2   أ/2032ن2 2032/2 07/05/2026 07/05/2026 كتب
    Dewey Decimal Classification   Available مكتبة كلية العلوم الإقتصادية والعلوم التجارية وعلوم التسيير مكتبة كلية العلوم الإقتصادية والعلوم التجارية وعلوم التسيير 07/05/2026 الطابق الأرضي 2032/3   أ/2032ن3 2032/3 07/05/2026 07/05/2026 كتب
    Dewey Decimal Classification   Available مكتبة كلية العلوم الإقتصادية والعلوم التجارية وعلوم التسيير مكتبة كلية العلوم الإقتصادية والعلوم التجارية وعلوم التسيير 07/05/2026 الطابق الثاني 2032/4   أ/2032ن4 2032/4 07/05/2026 07/05/2026 كتب
    Dewey Decimal Classification   Available مكتبة كلية العلوم الإقتصادية والعلوم التجارية وعلوم التسيير مكتبة كلية العلوم الإقتصادية والعلوم التجارية وعلوم التسيير 07/05/2026 الطابق الثاني 2032/5   أ/2032ن5 2032/5 07/05/2026 07/05/2026 كتب
    Dewey Decimal Classification   Available مكتبة كلية العلوم الإقتصادية والعلوم التجارية وعلوم التسيير مكتبة كلية العلوم الإقتصادية والعلوم التجارية وعلوم التسيير 07/05/2026 الطابق الثاني 2032/6   أ/2032ن6 2032/6 07/05/2026 07/05/2026 كتب

موارد الويب المفتوحة


© University of Algiers 3 All Rights Reserved
|
Implemented by LECHELAH Riad